000 01115nam a2200301 a 4500
999 _c22840
_d22840
001 vtls011910480
005 20200129125126.0
008 200113 2019 000 0 slo c
020 _a9788097075644(viazané)
040 _aBJKDG
_bslo
_cBJKDG
_erda
041 1 _aslo
044 _axo
_cSK
072 7 _a641
_xKuchárstvo. Potraviny. Varené jedlá
_2konspekt
080 _a641.55
_22011
100 1 _4aut
245 1 _aTajomstvo mojej kuchyne
_brecepty, ktoré voňajú cez televíznu obrazovku
_cautori fotografií: Milan Krupčík, Milan Reichman, Katarína Ďurovičová, Vanesa Vojtíšková
250 _aprvé vydanie
264 1 _aBratislava
_bDaccord
_c2019
300 _a179
_c24 cm
610 2 7 _aSlovenská televízia (Bratislava, Slovensko)
_2SNKKA
_91580
630 7 _aTajomstvo mojej kuchyne (televízna relácia)
_91581
650 0 7 _ajedlá
_2SNKPH
_91582
650 0 7 _atelevízne relácie
_2SNKPH
_91583
655 7 _akuchárske recepty
_2SNKPH
_91584
700 1 _aKrupčík, Milan
_4pht
_91585
700 1 _aĎurovičová, Katarína
_4pht
_91586
700 1 _aVojtíšková, Vanesa
_4pht
_91587